banner koha

Cadeia do frio: garantia de vida mais longa e saudável aos hortifrutícolas (Registro n. 328667)

MARC details
000 -LÍDER
fixed length control field 01057nab a2200313 4500
003 - CÓDIGO MARC DA AGÊNCIA CATALOGADORA
Campo de controle BR-BrBNA
005 - DATA E HORA DA ÚLTIMA ATUALIZAÇÃO
Campo de controle 20241115131310.0
008 - CAMPO DE TAMANHO FIXO
fixed length control field 241115b bl.||||| |||| 00| 0 por d
040 ## - FONTE DA CATALOGAÇÃO
Agência catalogadora BR-BrBNA
Idioma da catalogação por
072 ## - CATEGORIA AGRIS
Código AGRIS Q02 ; J11
100 ## - ENTRADA PRINCIPAL - NOME PESSOAL
Nome pessoal Mello, Gabrielo Carvalho da Silva
100 ## - ENTRADA PRINCIPAL - NOME PESSOAL
Nome pessoal Julião, Letícia
100 ## - ENTRADA PRINCIPAL - NOME PESSOAL
Nome pessoal Tapetti, Rafael
245 ## - TÍTULO PRINCIPAL
Título principal Cadeia do frio: garantia de vida mais longa e saudável aos hortifrutícolas
500 ## - NOTA GERAL
Nota geral 18 illus.; 2 tables; 1 graph
942 ## - ADDED ENTRY ELEMENTS (KOHA)
Koha item type Analítica
520 ## - NOTA DE RESUMO
Nota de conteúdo CADEIA DO FRIO
520 ## - NOTA DE RESUMO
Nota de conteúdo MANUSEIO
650 ## - ASSUNTO - THESAGRO
Cabeçalho tópico ou nome geográfico REFRIGERAÇÃO
650 ## - ASSUNTO - THESAGRO
Cabeçalho tópico ou nome geográfico PROCESSAMENTO
650 ## - ASSUNTO - THESAGRO
Cabeçalho tópico ou nome geográfico PRESERVAÇÃO DE ALIMENTO
650 ## - ASSUNTO - THESAGRO
Cabeçalho tópico ou nome geográfico CUSTO
650 ## - ASSUNTO - THESAGRO
Cabeçalho tópico ou nome geográfico PERDA PÓS-COLHEITA
650 ## - ASSUNTO - THESAGRO
Cabeçalho tópico ou nome geográfico ANÁLISE DE CUSTO-BENEFÍCIO
650 ## - ASSUNTO - THESAGRO
Cabeçalho tópico ou nome geográfico ARMAZENAMENTO
650 ## - ASSUNTO - THESAGRO
Cabeçalho tópico ou nome geográfico INTEGRAÇÃO
773 0# - ENTRADA ANALÍTICA
Host Biblionumber 4115
Registro do item 345528
Imprenta Piracicaba-SP Centro de Estudos Avançados em Economia Aplicada-CEPEA/USP/ESALQ 2002
Outro identificador 2024-6091
Título Hortifruti Brasil (Brazil)
ISSN 1981-1837
Colação v. 9(98) p. 8-17; (Jan-Feb 2011)
Número de controle de registro BR2024003380

Nenhum exemplar disponível.

BINAGRI

Telefone: (61)3218-2567/2388/3357/2097 - binagri@agro.gov.br

Ministério da Agricultura e Pecuária , Esplanada dos Ministérios, Bloco D, Anexo B, Brasília/DF, CEP: 70.043-900